000 010420000a22003010004500
001 20465
003 CO-MdFUSB
005 20160829145442.0
008 160829t2008 xxuabo|f |||| 00| 0 eng d
020 _a978-0-8006-6282-0
040 _aCO-MdFUSB
_bEspañol
_cCO-MdFUSB
_dCO-MdFUSB
041 _aeng
082 _224
_a933
_bK42s
100 1 _aKessler, Rainer
_dAutor
245 1 4 _aThe social history of ancient Israel
_b : An introduction
_c/ Rainer Kessler ; traducido por Linda M. Maloney
264 _aMinneapolis, Minnesota:
_bFortress Press,
_c2008
300 _a273 páginas
336 _2rdacontent
_a1
_ba1
337 _2rdamedia
_a2
_b5
338 _2rdacarrier
_a2
_b5
500 _aTitulo original en alemán : Sozialgeschichte des alten Israel : Eine Einfuhrung
501 _aRústico
505 0 0 _aMétodos para el estudio de la historia social de Israel - Las épocas de la historia social de Israel
653 _aIsrael -- History
653 _aIsrael -- Historia
942 _cBK
999 _c46816
_d46816